| 000 | 01035nam0a22002531 4500 | ||
|---|---|---|---|
| 001 | rc\2830287 | ||
| 005 | 20250529201236.0 | ||
| 035 | _a(NLR Aleph) 006988270 | ||
| 090 |
_a5600740 _c5600740 |
||
| 100 | _a20110625d1930 |||y0rusy50 ca | ||
| 101 | 0 | _arus | |
| 102 | _aRU | ||
| 105 | _aa z ||||| | ||
| 200 | 1 |
_aЖизнь и знание в числах _eСборник арифметич. задач для деревенской школы _e1-й год обуч. _fС.В. Зенченко и В.Л. Эменов |
|
| 205 | _a11-е изд. ... | ||
| 210 |
_aМосква _aЛенинград _cГос. изд-во _d1930 _eЛенинград _gтип. Печатный двор |
||
| 215 |
_a80 с. _cил., черт. _d22×15 см _e1 отд. вкл. л. ил., черт. |
||
| 700 | 1 |
_aЗенченко _bС.В. _gСергей Васильевич |
|
| 701 | 1 |
_aЭменов _bВ.Л. _gВасилий Леонтьевич |
|
| 801 | 0 |
_aRU _bNLR _gpsbo |
|
| 801 | 1 |
_aRU _bELAR _2rusmarc |
|
| 852 |
_aNLR _j30.3/201 |
||
| 942 | _cBOOK | ||
| 980 | _aNB | ||